| 000 | 02694cam a22002414a 4500 | ||
|---|---|---|---|
| 005 | 20250605164040.0 | ||
| 008 | 250528s ||||||||||||||||||||||||d | ||
| 035 | _a16959 | ||
| 020 | _a960804149 | ||
| 040 |
_aGR-AtMCL _bgre _dGR-AtMCL _eAACR2 |
||
| 245 | 1 | _aΗ Ανάπτυξη των Παιδιών / Η Αρχή της Ζωής: Εγκυμοσύνη, Τοκετός, Βρεφική Ηλικία: Α' Τόμος | |
| 250 | _a1η | ||
| 260 |
_bΤυπωθήτω, _c2002 |
||
| 300 | _a538 | ||
| 520 | _aΗ ανάπτυξη είναι μια διεργασία που εμπλέκει το παιδί σε ένα δυναμικά μεταλλασσόμενο πλαίσιο. Πρόλογος, Η Μελέτη της Ανθρώπινης Ανάπτυξης, Η Κληρονομιά του Itard, Τα Κρίσιμα Ερωτήματα της Αναπτυξιακής Ψυχολογίας, Η Ανθρώπινη Κληρονομιά: Γονίδια και Περιβάλλον, Οι Νόμοι της Κληρονομικότητας, Μεταλλάξεις και Γενετικές Ανωμαλίες, Βιολογία και Πολιτισμικό Περιβάλλον, Προγεννητική Ανάπτυξη και Γέννηση, Η Πρώτη Βιο-Κοινωνικό-Συμπεριφοριστική Μεταστροφή, Η Κατάσταση του Νεογέννητου, Η Απαρχή της Σχέσης Γονέα-Παιδιού, Πρώτη Βρεφική Ηλικία: Οι Αρχικές Ικανότητες και η Διεργασία της Αλλαγής, Μηχανισμοί Αναπτυξιακής Αλλαγής, Συντονίζοντας τις Ξεχωριστές Πορείες της Ανάπτυξης, Τα Επιτεύγματα του Πρώτου Χρόνου, Βιολογικές Αλλαγές, Γνωστικές Αλλαγές, Το Τέλος της Βρεφικής Ηλικίας, Βιολογική Ωρίμανση, Ένας Νέος Τρόπος Σκέψης, Μια Νέα Αίσθηση του Εαυτού, Οι Πρώτες Εμπειρίες και Οι Επιπτώσεις στη Μετέπειτα Ζωή, Οι Επιδράσεις του Αποχωρισμόυ, Το Ευάλωτο και η Ανθεκτικότητα, Ανάκαμψη από την Αποστέρηση, Βιβλιογραφία, Γλωσσάρι, Ευρετήριο Ονομάτων και Φωτογραφιών. | ||
| 700 | 1 |
_aCole Michael _93056 |
|
| 700 | 1 |
_aCole Sheila R _93057 |
|
| 700 | 1 |
_aΒορριά Παναγιώτα _93058 |
|
| 700 | 1 |
_aΠαπαληγούρα Ζαϊρα _93059 |
|
| 942 | _cBK | ||
| 999 |
_c2402 _d2402 |
||